Бурение глубоких скважин с помощью искровых разрядов: [статья]

Dettagli Bibliografici
Autore principale: Воробьев А. А. Александр Акимович
Ente Autore: Томский политехнический институт (ТПИ) Электроэнергетический факультет Кафедра Теоретические основы электротехники (ТОЭ)
Altri autori: Могилевская Т. Ю. Тамара Юрьевна, Воробьев Г. А. Григорий Абрамович
Riassunto:Машинописный экземпляр статьи, рекомендованной к печати в журнале "Известия вузов. Горный журнал" № 12, 1960 г., принята к печати.
Lingua:russo
Pubblicazione: Томск, 1959
Soggetti:
Natura: MixedMaterials Libro
KOHA link:https://koha.lib.tpu.ru/cgi-bin/koha/opac-detail.pl?biblionumber=353013

MARC

LEADER 00000nam0a2200000 4500
001 353013
005 20231102010543.0
035 |a (RuTPU)RU\TPU\retro\9983 
035 |a RU\TPU\book\188338 
090 |a 353013 
100 |a 20200228d1959 k y0rusy50 ca 
101 0 |a rus 
102 |a RU 
105 |a a z 001zy 
200 1 |a Бурение глубоких скважин с помощью искровых разрядов  |e [статья]  |f А. А. Воробьев, Т. Ю. Могилевская, Г. А. Воробьев  |g Томский политехнический институт (ТПИ), Электроэнергетический факультет, Кафедра Теоретические основы электротехники (ТОЭ) 
210 |a Томск  |d 1959 
215 |a 6 л.  |c ил. 
300 |a Машинописный экземпляр статьи, рекомендованной к печати в журнале "Известия вузов. Горный журнал" № 12, 1960 г., принята к печати. 
320 |a Библиогр.: с. 5-6. 
606 1 |a Бурение  |x Электроразрядная технология  |2 stltpush  |3 (RuTPU)RU\TPU\subj\76044  |9 87505 
610 1 |a глубокие скважины 
610 1 |a труды учёных ТПУ 
610 1 |a искровые разряды 
610 1 |a твердые диэлектрики 
610 1 |a пробой 
610 1 |a электрические разряды 
610 1 |a разрушение 
675 |a 622.243.923  |v 3 
700 1 |a Воробьев  |b А. А.  |c российский физик  |c ректор Томского политехнического института, профессор  |f 1909-1981  |g Александр Акимович  |x TPU  |2 stltpush  |3 (RuTPU)RU\TPU\pers\12805  |4 070 
701 1 |a Могилевская  |b Т. Ю.  |c специалист в области электротехники  |c доцент Томского политехнического университета, кандидат технических наук  |c выпускница энергетического факультета ТПИ 1945 г.  |f 1922-  |g Тамара Юрьевна  |2 stltpush  |3 (RuTPU)RU\TPU\pers\8861 
701 1 |a Воробьев  |b Г. А.  |c российский ученый, электрофизик  |c профессор кафедры техники высоких напряжений Томского политехнического института  |c профессор Томского университета систем управления и радиоэлектроники  |f 1925-2009  |g Григорий Абрамович  |2 stltpush  |3 (RuTPU)RU\TPU\pers\19775 
712 0 2 |a Томский политехнический институт (ТПИ)  |b Электроэнергетический факультет  |b Кафедра Теоретические основы электротехники (ТОЭ)  |c (1944-1991)  |2 stltpush  |3 (RuTPU)RU\TPU\col\1123 
801 1 |a RU  |b 63413507  |c 20091229 
801 2 |a RU  |b 63413507  |c 20200228  |g RCR 
942 |c BK